[Event "Khanty-Mansiysk GP (Women) rapid"]
[Site "Khanty-Mansiysk"]
[Date "2021.11.27"]
[Round "10"]
[White "Kovanova, Baira"]
[Black "Butko, Svetlana"]
[Result "1-0"]
[WhiteElo "2331"]
[BlackElo "1528"]
[PlyCount "59"]
[EventDate "2021.11.25"]
[EventType "tourn (rapid)"]
[EventRounds "13"]
[EventCountry "RUS"]
[SourceTitle "CBM 205 Extra"]
[Source "ChessBase"]
[SourceDate "2022.01.31"]
[SourceVersion "1"]
[SourceVersionDate "2022.01.31"]
[SourceQuality "1"]

1. e4 c5 2. Nf3 Nc6 3. Bb5 g6 4. Bxc6 dxc6 5. d3 Bg7 6. h3 Nf6 7. 0-0 0-0 8. e5 Nd5 9. Nbd2 Qc7 10. Re1 Rd8 11. Ne4 b6 12. Bg5 h6 13. Bh4 Kh7 14. Bg3 Be6 15. a3 Qb7 16. Qe2 Nc7 17. Rad1 Nb5 18. c3 a5 19. h4 Bb3 20. Rd2 Rd7 21. h5 Nc7 22. d4 c4 23. hxg6+ fxg6 24. Nh4 Ne6 25. Nxg6 Nxd4 26. Qg4 Rg8 27. cxd4 Bh8 28. Ng5+ hxg5 29. Qh5+ Kg7 30. e6 1-0